| 000 | 00745nam a2200253Ia 4500 | ||
|---|---|---|---|
| 005 | 20231215122629.0 | ||
| 008 | 131103s9999 xx 000 0 und d | ||
| 020 |
_a521483522 _cRs 690 |
||
| 040 | _aLoreto College | ||
| 041 | _aEnglish | ||
| 082 |
_a428 _bMAC |
||
| 100 | _aMacKenzie, Ian | ||
| 245 |
_aEnglish for Business Studies, _b _cIan MacKenzie |
||
| 250 | _aA course for Business Studies and Economics Students. Teacher's Book | ||
| 260 |
_aCambridge _bCambridge University Press _c1997 |
||
| 300 | _a128p | ||
| 440 | _aCambridge Professional English | ||
| 630 | _aCommercial English | ||
| 630 | _aCommunicative English | ||
| 650 | _aBusiness English | ||
| 651 | _aEnglish Language | ||
| 850 | _aLCLIB | ||
| 942 | _cBK | ||
| 999 |
_c19482 _d69961 |
||